[Event "TUR-chT 2nd League"]
[Site "Konya"]
[Date "2022.08.25"]
[Round "6.15"]
[White "Cam, Vedat"]
[Black "Yilmaz, Cumhur"]
[Result "1-0"]
[WhiteElo "1857"]
[BlackElo "1708"]
[PlyCount "203"]
[EventDate "2022.08.22"]
[EventType "team-swiss"]
[EventRounds "9"]
[EventCountry "TUR"]
[SourceTitle "CBM 210 Extra"]
[Source "ChessBase"]
[SourceDate "2022.11.30"]
[SourceVersion "1"]
[SourceVersionDate "2022.11.30"]
[SourceQuality "1"]
[WhiteTeam "Bitlis Ihtisas Egitim"]
[BlackTeam "Altin Hamle Corum"]
[WhiteTeamCountry "TUR"]
[BlackTeamCountry "TUR"]

1. d4 d5 2. c4 c6 3. Nc3 Nf6 4. Nf3 Bf5 5. e3 e6 6. Bd3 Bxd3 7. Qxd3 Nbd7 8. cxd5 exd5 9. Ne5 Bd6 10. f4 Bb4 11. 0-0 0-0 12. Ne2 Ne4 13. a3 Bd6 14. Bd2 f6 15. Nf3 Re8 16. Rae1 Nb6 17. Ba5 Qd7 18. Bxb6 axb6 19. Nd2 b5 20. Nxe4 dxe4 21. Qc2 f5 22. Rc1 Qf7 23. Rfd1 b4 24. axb4 Bxb4 25. Ng3 g6 26. Ra1 Ra2 27. Rxa2 Qxa2 28. Rc1 Ra8 29. Ne2 Qd5 30. Kf2 Ra2 31. h3 Ba5 32. Rb1 Bb4 33. g4 Kh8 34. gxf5 gxf5 35. Rg1 Qf7 36. d5 c5 37. Qb3 Qh5 38. Rg3 Ra1 39. Nc3 Qh4 40. d6 Rf1+ 41. Kxf1 Qxg3 42. Qd5 Qf3+ 43. Ke1 Qxe3+ 44. Kd1 Qd4+ 45. Qxd4+ cxd4 46. d7 Ba5 47. b4 Bd8 48. Nb5 Kg7 49. Nxd4 Kf6 50. Kd2 Bb6 51. Ne2 Ke6 52. Nd4+ Kxd7 53. Nxf5 Ke6 54. Ng3 Kd5 55. Ne2 Kc4 56. Ng3 e3+ 57. Ke2 Kxb4 58. Ne4 Kb5 59. f5 Kc6 60. f6 Kd7 61. f7 Ke7 62. Nd6 Ba7 63. Nc8+ Kxf7 64. Nxa7 Ke6 65. Kxe3 Ke5 66. Nb5 b6 67. Nd4 Kd5 68. Kd3 Ke5 69. Ne2 b5 70. Ke3 b4 71. Nd4 Kd5 72. Kd3 Ke5 73. Ke3 Kd5 74. Kd3 Ke5 75. Ke3 Kd5 76. Nb3 Ke5 77. Kf3 Kf5 78. Nd4+ Kg5 79. Kg3 Kh5 80. h4 Kh6 81. Kg4 Kg6 82. h5+ Kf6 83. Kf4 h6 84. Kg4 Ke5 85. Nc6+ Ke4 86. Nxb4 Ke5 87. Nd3+ Ke4 88. Ne1 Ke5 89. Nf3+ Kf6 90. Kf4 Kg7 91. Kf5 Kf7 92. Nh4 Kg7 93. Ke6 Kg8 94. Kf6 Kh7 95. Nf5 Kg8 96. Nxh6+ Kh7 97. Ng4 Kg8 98. Kg6 Kh8 99. h6 Kg8 100. Nf2 Kh8 101. Nd3 Kg8 102. Ne5 1-0

[Event "TUR Cup"]
[Site "Antalya"]
[Date "2020.01.27"]
[Round "3"]
[White "Ozgen, Tolga"]
[Black "Cam, Vedat"]
[Result "0-1"]
[WhiteElo "1638"]
[BlackElo "1879"]
[PlyCount "104"]
[EventDate "2020.01.26"]
[EventType "swiss"]
[EventRounds "11"]
[EventCountry "TUR"]
[SourceTitle "CBM 194 Extra"]
[Source "ChessBase"]
[SourceDate "2020.03.31"]
[SourceVersion "1"]
[SourceVersionDate "2020.03.31"]
[SourceQuality "1"]

1. d4 Nf6 2. Nf3 e6 3. c4 d5 4. Nc3 b6 5. Bf4 Nh5 6. Bd2 Bb7 7. e3 Nf6 8. cxd5 exd5 9. Rc1 Nbd7 10. Bd3 c5 11. 0-0 Bd6 12. Re1 Ne4 13. Qe2 a6 14. a4 0-0 15. b3 Qe7 16. Red1 Ndf6 17. Be1 h5 18. g3 Qe6 19. Nd2 Ng5 20. f3 Rfe8 21. Bf2 Nh3+ 22. Kg2 Nxf2 23. Kxf2 cxd4 24. exd4 Qh3 25. Qf1 Qxh2+ 26. Qg2 Bxg3+ 27. Kf1 Qxg2+ 28. Kxg2 Bd6 29. Ne2 Rac8 30. Nf1 Rxc1 31. Rxc1 Rc8 32. Rxc8+ Bxc8 33. Ne3 g6 34. Nc3 Bb7 35. Kh3 Kg7 36. Ne2 Ne8 37. f4 Kf6 38. Kg3 Nc7 39. Kf3 Kg7 40. Ng3 Bc8 41. Ng2 Bg4+ 42. Ke3 Bd1 43. Nh4 Kf6 44. Nf3 Bxb3 45. Ne5 Bxa4 46. Bb1 Be8 47. Ba2 Ke7 48. f5 f6 49. fxg6 fxe5 50. Nf5+ Ke6 51. Ng7+ Kd7 52. Nxh5 Bxg6 0-1

[Event "TUR-chT Clubs"]
[Site "Konya"]
[Date "2019.07.18"]
[Round "4.15"]
[White "Cam, Vedat"]
[Black "Tahaoglu, Erkin"]
[Result "0-1"]
[WhiteElo "1907"]
[BlackElo "1671"]
[PlyCount "71"]
[EventDate "2019.07.16"]
[EventType "team-swiss"]
[EventRounds "9"]
[EventCountry "TUR"]
[SourceTitle "CBM 191 Extra"]
[Source "ChessBase"]
[SourceDate "2019.09.30"]
[SourceVersion "1"]
[SourceVersionDate "2019.09.30"]
[SourceQuality "1"]
[WhiteTeam "Bitlis Ihtisas Egitim"]
[BlackTeam "Karaman Onder Durmus"]
[WhiteTeamCountry "TUR"]
[BlackTeamCountry "TUR"]

1. Nf3 Nf6 2. d4 d5 3. c4 e6 4. Bg5 Be7 5. Nc3 0-0 6. e3 a6 7. cxd5 exd5 8. Bd3 h6 9. Bh4 Nbd7 10. Qb3 c5 11. Bxf6 Nxf6 12. dxc5 Bxc5 13. 0-0-0 Qe7 14. Ne2 Be6 15. Nfd4 Ng4 16. Rdf1 Ne5 17. f4 Nxd3+ 18. Qxd3 Bd7 19. Nc3 Rac8 20. Rhg1 Bb5 21. Qd2 Bxf1 22. Rxf1 Bb4 23. Nde2 Qe4 24. Rf3 b5 25. Kd1 Qc4 26. Ke1 Rfd8 27. f5 Qh4+ 28. Kf1 Bxc3 29. bxc3 Rc4 30. f6 g6 31. Kg1 b4 32. cxb4 Rxb4 33. g3 Rb1+ 34. Kg2 Qg4 35. Qd3 Rb2 36. Rf4 0-1

[Event "TUR Cup"]
[Site "Antalya"]
[Date "2019.01.30"]
[Round "6"]
[White "Akin, Bora Zubeyr"]
[Black "Cam, Vedat"]
[Result "0-1"]
[WhiteElo "1436"]
[BlackElo "1882"]
[PlyCount "70"]
[EventDate "2019.01.27"]
[EventType "swiss"]
[EventRounds "11"]
[EventCountry "TUR"]
[SourceTitle "CBM 188 Extra"]
[Source "ChessBase"]
[SourceDate "2019.02.26"]
[SourceVersion "1"]
[SourceVersionDate "2019.02.26"]
[SourceQuality "1"]

1. e4 c6 2. d4 g6 3. c4 Bg7 4. Nc3 d6 5. f4 Qc7 6. Nf3 Bg4 7. e5 Nd7 8. h3 Bxf3 9. Qxf3 0-0-0 10. Bd3 dxe5 11. d5 f5 12. Qf2 e4 13. Be2 Qb6 14. Qxb6 axb6 15. Be3 Kc7 16. g4 Ngf6 17. Kf2 Ra8 18. Bd4 Nxg4+ 19. hxg4 Bxd4+ 20. Kg2 Be3 21. Kg3 Raf8 22. g5 h5 23. Rh4 Bd4 24. Rd1 Bxc3 25. bxc3 Ra8 26. Rd2 Ra3 27. Rc2 Rha8 28. Kf2 Rxa2 29. Rxa2 Rxa2 30. Ke3 Kd6 31. Rh1 Rc2 32. Rb1 Rxc3+ 33. Kd2 Rg3 34. dxc6 bxc6 35. Rh1 e5 0-1

[Event "Manavgat Turkey Cup"]
[Site "Manavgat"]
[Date "2016.02.03"]
[Round "7"]
[White "Isin, Recep"]
[Black "Cam, Vedat"]
[Result "0-1"]
[WhiteElo "1653"]
[BlackElo "1857"]
[PlyCount "109"]
[EventDate "2016.01.30"]
[EventType "swiss"]
[EventRounds "11"]
[EventCountry "TUR"]
[SourceTitle "CBM 170 Extra"]
[Source "ChessBase"]
[SourceDate "2016.02.25"]
[SourceVersion "1"]
[SourceVersionDate "2016.02.25"]
[SourceQuality "1"]

1. e4 g6 2. d4 Bg7 3. c3 Nf6 4. Bd3 0-0 5. Be3 d6 6. Nf3 Nc6 7. h3 e5 8. d5 Ne7 9. 0-0 Ne8 10. c4 f5 11. Bg5 h6 12. Bxe7 Qxe7 13. Nbd2 f4 14. Nh2 g5 15. Be2 Nf6 16. Rc1 Qf7 17. g4 b6 18. b4 Qe7 19. a4 a5 20. b5 Bd7 21. f3 Kf7 22. Kg2 Rh8 23. Rh1 h5 24. Rc3 Rh6 25. Nb3 Rah8 26. Nc1 Qd8 27. Nd3 Nh7 28. Nf2 Nf6 29. Qg1 Qc8 30. Kf1 hxg4 31. Nhxg4 Bxg4 32. fxg4 Nd7 33. Qg2 Nc5 34. Ra3 Qg8 35. Nd3 Nd7 36. Ne1 Qh7 37. Nf3 Bf6 38. Ke1 Ke7 39. Nd2 Kd8 40. Bf1 Nc5 41. Qf3 Rh4 42. Bg2 Be7 43. Kf2 Nd7 44. Qc3 Nf6 45. Rha1 Kd7 46. Qf3 Kc8 47. Nb3 Kb7 48. Re1 Bd8 49. Qc3 Nd7 50. Nxa5+ bxa5 51. Qxa5 Nc5 52. Kf3 Be7 53. b6 cxb6 54. Qb5 Rc8 55. a5 0-1

[Event "Manavgat Turkey Cup"]
[Site "Manavgat"]
[Date "2016.02.02"]
[Round "6"]
[White "Cam, Vedat"]
[Black "Kilic, Ihsan"]
[Result "0-1"]
[WhiteElo "1857"]
[BlackElo "2061"]
[PlyCount "116"]
[EventDate "2016.01.30"]
[EventType "swiss"]
[EventRounds "11"]
[EventCountry "TUR"]
[SourceTitle "CBM 170 Extra"]
[Source "ChessBase"]
[SourceDate "2016.02.25"]
[SourceVersion "1"]
[SourceVersionDate "2016.02.25"]
[SourceQuality "1"]

1. d4 d5 2. c4 e6 3. Nf3 c6 4. e3 f5 5. Bd3 Nf6 6. 0-0 Bd6 7. b3 Qe7 8. a4 0-0 9. Ba3 b6 10. a5 Bb7 11. Bxd6 Qxd6 12. a6 Bc8 13. cxd5 exd5 14. Ne5 Nfd7 15. f4 b5 16. Rf2 Nxe5 17. fxe5 Qh6 18. Qe1 Rf7 19. Nd2 Nxa6 20. Bxf5 Nb4 21. Nf1 Bxf5 22. Qxb4 Raf8 23. Qc3 Qg6 24. Ng3 Bc8 25. Rxf7 Rxf7 26. Rc1 Bd7 27. Ne2 Bh3 28. Ng3 Bd7 29. Qd2 h5 30. Ne2 h4 31. Nf4 Qe4 32. h3 Rf5 33. Rd1 c5 34. Qd3 Qxd3 35. Nxd3 c4 36. Nc5 Be8 37. b4 a5 38. bxa5 b4 39. Rb1 b3 40. a6 Rf7 41. Nxb3 cxb3 42. Rxb3 Ra7 43. Rb8 Kf8 44. Rb6 Ra8 45. Kf2 Bh5 46. Ke1 Be8 47. Kd2 Bh5 48. e4 dxe4 49. Ke3 Bd1 50. d5 Bc2 51. e6 Bd3 52. d6 Bf1 53. Rb2 Bc4 54. Rb4 Bxe6 55. Rxe4 Bd7 56. Rf4+ Ke8 57. Rf2 Be6 58. Rb2 Bd5 0-1